000 00296nam a22001097a 4500
999 _c526991
_d526991
082 _aAAx54 Se75
100 _aSethi, K. K.
_946782
245 _aBhartiya darshan: samajhne ka ek prayaas
_cby K.K. Sethi
260 _aNew Delhi
_bKevisa
_c2023
300 _a248p.
650 _aPhilosophy - India
_946783